Laboratorio de ideas [dvd]

Guardado en:
Formato: Libro
Publicado: Buenos Aires : Canal Encuentro, s/f.
Materias:
Etiquetas: Agregar Etiqueta
Sin Etiquetas, Sea el primero en etiquetar este registro!
LEADER 01300nam a22001815a 4500
001 CEM.cems018074
005 20130912091956.0
008 130507b######################000#0#####d
003 CEMS
082 0 4 |a DVD500 
245 0 0 |a Laboratorio de ideas [dvd] 
260 |a Buenos Aires :  |b Canal Encuentro, s/f. 
300 |a 1 DVD 
500 |a A través de entrevistas realizadas por Adrián Paenza a personalidades prestigiosas de diversas disciplinas de la ciencia, la serie brinda un panorama acerca de los nuevos estudios y descubrimientos científicos tanto nacionales como del exterior. Sociólogos, antropólogos, ingenieros, ofrecen una mirada que integra el mundo de las ideas abstractas con la práctica o la resolución de problemas concretos. 
505 0 |a Pablo Argibay y Ariel González -- Susana Torrado y Matías Zaldarriaga -- Andrés Mangano y Ricardo Gurtler -- Casullo-Gamarnik -- Kilmovsky-Piacentini -- Ferraro-Rolandi -- Rojo-Rex González -- Dubner-Vila -- Gorelik-Prini -- Galo Soler-Cotlar -- Sir John Sulston -- Nuñez-Colombo -- Canziani-Garavaglia -- Luján-Schugurensky -- Dova-Giulano -- Lira-Romero -- Sadosky-Cronin -- Aguirre-Podestá -- Sadas-Varotto 
653 |a Entrevistas 
653 |a Científicos-entrevistas 
859 |a CEMS  |b BIB. CEMS - Agricultura  |h DVD500  |i Ar37  |p A0055.013  |t Ej.1